002800000a220007300045001000017000002450099000173000044001167730046001601 aAdkins, Gene10aThe committe on the holy spirit and frontier mission : An ongoing dialogue and a coming envent aVol. 2, Núm 1 (1985), Páginas 53-590 tInternational Journal of Frontier Misions